000 00577nam a22001932 4500
001 0000007572
005 20151217155834.0
008 080218s xx 000 0 eng d
020 _a9966813 :
_cKES
040 _aKABU
_cKABU
100 1 _aEkhaguere, Godwin O. S.
_@0000158848
245 1 4 _aThe Education pipeline in Nigeria /
_cGodwin O. S. Ekhaguere.
260 _aNairobi :
_bFord Foundation,
_c2003.
300 _aix, 28 p.
650 0 _aEducation
_zNigeria.
_@0000158849
908 _a080218
950 _@1
999 _c13094
_d13094